00694nam a2200241 a 4500001001300000003000900013005001700022008004100039020000900080082001800089100002700107245002300134260003500157300000900192500003500201505002700236650001600263700002700279902000800306942000700314952011600321999001500437nice12345678IN_TiNIC20260116011851.0050524s1981 hyda grp 000 0 urd  ac1500a891.4391bRAA aRaazi, Mohd Fakhruddin aTajalliyat-E-Haram aHyderabadbVilla Academyc1981 a108p aincludes index and biblioraphy2 aAppendix, bibliography aUrdu-Poetry1 aRaazi, Mohd Fakhruddin bSRS cBK 001040708StackRoom-aHMIbHMId2007-06-25g15.00l0o891.4391 RAAp09819r2007-06-25v15.00w2005-05-24yBK c4569d4569